LIBRARY & INFORMATION CENTRE, KCAET, TAVANUR

ONLINE PUBLIC ACCESS CATALOGUE (OPAC)

Subsurface irrigation of ladies finger in sandy loam soil (Record no. 14086)

MARC details
000 -LEADER
fixed length control field 00393nam a22001217a 4500
082 ## - DEWEY DECIMAL CLASSIFICATION NUMBER
Classification number 631.45
Item number NIS/SU
100 ## - MAIN ENTRY--AUTHOR NAME
Personal name Nisha, T.V
245 ## - TITLE STATEMENT
Title Subsurface irrigation of ladies finger in sandy loam soil
260 ## - PUBLICATION, DISTRIBUTION, ETC. (IMPRINT)
Place of publication Tavanur
Name of publisher Department of IDE
Year of publication 2007
700 ## - ADDED ENTRY--PERSONAL NAME
Personal name Asha Joseph (guide)
856 ## - ELECTRONIC LOCATION AND ACCESS
Uniform Resource Identifier https://drive.google.com/file/d/0B8K9-c_S7d7WVzJGd2VzRDhJWWs/edit?usp=sharing
942 ## - ADDED ENTRY ELEMENTS (KOHA)
Koha item type Theses
Holdings
Collection code Home library Current library Shelving location Full call number Accession Number Koha item type
Reference KAUAET KAUAET Reference 631.45 NIS/SU T179 Theses
free website counter